000 00821nam a22002297a 4500
005 20170523112904.0
010 _aENG-118293
020 _a9789350359273
_c1360.00
035 _aB-667606
035 _aEN-101825
037 _bKBD
_adpl
037 _bDBAD/PUB
082 _a340
100 _aRashid, M.A
245 _aThe ultimate guide to the judicial services examination 2017 for all states /
_cby M.A. Rashid
250 _a5th ed.
260 _aGurgaon
_bLexisNexis
_c2017
270 _a14th Floor, Building No.10, Tower-B, DLF Cyber City, Phase-II
_bGurgaon
_e122002
300 _alvi,1826p.
_c24cm(pbk)
942 _2ddc
_cEN
_mRAS
_h340
999 _c138757
_d138757